Practical compulsory purchasing (Record no. 69410)

MARC details
000 -LEADER
fixed length control field 00985cam a2200217 4500
001 - CONTROL NUMBER
control field WB3804-21
008 - FIXED-LENGTH DATA ELEMENTS--GENERAL INFORMATION
fixed length control field 020131n2001 000 0 eng u
035 ## - SYSTEM CONTROL NUMBER
System control number (Sirsi) u116565
100 ## - MAIN ENTRY--PERSONAL NAME
Personal name Brown, C
245 ## - TITLE STATEMENT
Title Practical compulsory purchasing
260 ## - PUBLICATION, DISTRIBUTION, ETC.
Date of publication, distribution, etc. 2001
490 ## - SERIES STATEMENT
Series statement Regeneration and Renewal
Volume/sequential designation 14 December 2001, 12-13(2)
520 ## - SUMMARY, ETC.
Summary, etc. After a four year wait, government has published a compulsory purchase order guide. Considers whether the guide helps to simplify the system and cut down the time taken to gain compensation for a compulsory purchase. Concludes that despite some drawbacks, the manual will be a necessary purchase for those very much involved in regeneration. "The Compulsory Purchase Order Manual" is available from the Stationery Office; T 0870 6005522.
590 ## - LOCAL NOTE (RLIN)
Local note WB
650 ## - SUBJECT ADDED ENTRY--TOPICAL TERM
Topical term or geographic name entry element COMPULSORY PURCHASE ORDERS
650 ## - SUBJECT ADDED ENTRY--TOPICAL TERM
Topical term or geographic name entry element COMPENSATION
650 ## - SUBJECT ADDED ENTRY--TOPICAL TERM
Topical term or geographic name entry element POLICY GUIDELINES
650 ## - SUBJECT ADDED ENTRY--TOPICAL TERM
Topical term or geographic name entry element LOCAL AUTHORITIES
690 ## - LOCAL SUBJECT ADDED ENTRY--TOPICAL TERM (OCLC, RLIN)
Topical term or geographic name as entry element REGENERATION
942 ## - ADDED ENTRY ELEMENTS (KOHA)
Suppress in OPAC 0
Holdings
Withdrawn status Lost status Source of classification or shelving scheme Damaged status Not for loan Home library Current library Shelving location Date acquired Total Checkouts Full call number Barcode Date last seen Copy number Price effective from Koha item type
    Dewey Decimal Classification     London London Journal article 31/01/2002   WB3804-21 116565-1001 06/08/2019 1 06/08/2019 Journal article